[Event "Teheran FIDE GP (Women)"]
[Site "Teheran"]
[Date "2016.02.16"]
[Round "5"]
[White "Cramling, Pia"]
[Black "Koneru, Humpy"]
[Result "1/2-1/2"]
[WhiteElo "2521"]
[BlackElo "2583"]
[Annotator "Havasi,G"]
[PlyCount "108"]
[EventDate "2016.02.11"]
[EventType "tourn"]
[EventRounds "11"]
[EventCountry "IRI"]
[EventCategory "11"]
[SourceTitle "CBM 171"]
[Source "ChessBase"]
[SourceDate "2016.03.14"]
[SourceVersion "2"]
[SourceVersionDate "2016.03.14"]
[SourceQuality "1"]

1. Nf3 e6 2. c4 f5 3. g3 Nf6 4. Bg2 d5 5. O-O Bd6 6. d3 O-O 7. Nc3 c6 8. e4
dxe4 9. dxe4 e5 10. exf5 Bxf5 11. Qb3 (11. Ng5 Qe7 12. Nge4 Nxe4 13. Nxe4 Bxe4
14. Bxe4 Nd7 $13 {1/2 (30) Ledger,A (2410)-Williams,S (2250) Swansea 1995})
11... Qb6 12. Be3 Qxb3 13. axb3 Na6 14. Rfd1 Bc7 15. h3 $1 {A useful move to
prevent ...Ng4.} Bc2 16. Rdc1 Bg6 17. Ra4 (17. Nh4 {is also good} Bb6 18. Nxg6
hxg6 19. Bxb6 axb6 20. Rd1 $14) 17... Nd7 18. b4 (18. Rxa6 bxa6 19. Ng5 $36 {
is also a nice idea, and the g2-bishop is very strong.}) 18... Nb6 19. Bxb6
axb6 20. Ng5 (20. Nh4 $1 Bf7 21. b5 Nc5 22. Rxa8 Rxa8 23. bxc6 $14) 20... Bd6 (
20... Bd8 $1 {is good to chase the N away:} 21. Ne6 Rf6 22. Nxd8 Rxd8 $11 23.
Bxc6 bxc6 24. Rxa6 Rd2 $44) 21. b5 Nb4 22. Rxa8 (22. Ne6 $1 {was strong} Rxa4
23. Nxf8 Ra8 24. Nxg6 hxg6 25. Rd1 $36) 22... Rxa8 23. Nge4 Be7 24. Rd1 Bf5 25.
Kh2 Be6 26. Nd6 Rd8 (26... Rf8 27. Nxb7 Rxf2 28. bxc6 {is not enough for Black.
}) 27. Nxb7 Rxd1 28. Nxd1 cxb5 29. cxb5 Kf7 30. Ne3 Nd3 31. Nd5 Bxd5 32. Bxd5+
Kf6 33. Kg2 Nxb2 34. Kf3 {The endgame is equal.} Nd1 35. Bc6 Ke6 36. Ke2 Nc3+
37. Kd3 Nd5 38. Kc4 Nf6 39. Kd3 Kf5 40. h4 e4+ 41. Kd4 $1 {An important move.}
(41. Ke2 Ke5 $17 {followed by ...Nd5.}) 41... Ke6 (41... Ba3 42. Ke3 Ke5 43.
Nd8 $1 {and the N is active enough.}) 42. f3 exf3 43. Bxf3 Kf5 44. Be2 g6 45.
Bf3 Nh5 46. g4+ $6 (46. Bxh5 gxh5 47. Kd5 $11) 46... Kf4 47. Bd1 Nf6 48. g5 Ne4
(48... Ng4 $1 {is a better chance:} 49. Bb3 Kg3 50. Kd5 Kxh4 51. Kc6 Kxg5 52.
Kxb6 h5 $15) 49. Bb3 Nc5 {This was Black's plan.} 50. Nxc5 Bxc5+ 51. Kd3 Kg4
52. Bg8 Kxh4 53. Bxh7 Kxg5 54. Ke2 Kf6 1/2-1/2

[Event "Balkaniad"]
[Site "Kavala"]
[Date "1990.??.??"]
[Round "5"]
[White "Velikov, Petar"]
[Black "Moutousis, Konstantinos"]
[Result "0-1"]
[WhiteElo "2495"]
[BlackElo "2395"]
[Annotator "Horn,Pe"]
[PlyCount "72"]
[EventDate "1990.10.??"]
[EventType "team"]
[EventRounds "6"]
[EventCountry "GRE"]
[SourceTitle "CBM 021"]
[Source "ChessBase"]
[SourceDate "1991.04.01"]
[SourceVersion "1"]
[SourceVersionDate "1991.04.01"]
[SourceQuality "1"]

1. Nf3 f5 2. g3 Nf6 3. Bg2 d5 4. O-O e6 5. c4 c6 6. b3 (6. cxd5 $5 exd5 7. d3)
6... Bd6 7. Bb2 (7. Ba3 $5 Bxa3 8. Nxa3 O-O 9. Nc2 Qe8 10. Ne5 $14 {
Barcza-Szapiel, Salzbrunn 1950}) 7... O-O 8. d3 Nbd7 (8... Bd7 $5 {Ivkov}) 9.
Nc3 (9. Nbd2 Qe7 $6 (9... Qe8 {Ivkov}) 10. Qc2 f4 $5 11. d4 $1 fxg3 $2 (11...
Ng4 $14) 12. hxg3 Ng4 13. e4 $16 {Polugaevsky-Durao, Lugano ol 1968}) 9... f4
$5 10. Qd2 $6 (10. d4 $1 Ng4 $14) 10... Ng4 11. e3 $6 (11. h3 Nh6 12. g4) (11.
d4 $5) 11... fxe3 12. fxe3 Ndf6 {/\ e5} 13. d4 Qe8 $1 14. h3 Nh6 15. Ne5 (15.
g4 Nhxg4 16. hxg4 Nxg4 $40 {/\ Qh5}) 15... Nf5 16. Qe1 (16. g4 Nh4) 16... h5
17. Rd1 Rb8 18. Rf3 $6 b5 19. cxb5 cxb5 20. Ne2 g5 21. Nc1 Rb7 22. Ncd3 Rg7 23.
Nf2 b4 24. Rc1 Bd7 25. e4 $6 dxe4 26. Nxe4 Nxe4 27. Qxe4 Bc8 $1 {/\ Bb7} 28.
Qd3 $2 (28. Qe1 Bb7 $17) 28... Bb7 29. Rf2 Bxg2 30. Kxg2 Bxe5 $1 $19 31. dxe5
g4 32. h4 Rd7 33. Qe4 Qd8 34. Kh2 (34. Rcc2 Rd3 $19) 34... Rd2 $19 35. Rcf1
Nxh4 $1 36. Kg1 Rdxf2 0-1

[Event "Tatran Cup"]
[Site "Stary Smokovec"]
[Date "1990.??.??"]
[Round "3"]
[White "Blatny, Pavel"]
[Black "Salai, Ladislav"]
[Result "1-0"]
[WhiteElo "2510"]
[BlackElo "2450"]
[Annotator "Horn,Pe"]
[PlyCount "35"]
[EventDate "1990.??.??"]
[EventType "tourn"]
[EventRounds "11"]
[EventCountry "CSR"]
[EventCategory "10"]
[SourceTitle "CBM 021"]
[Source "ChessBase"]
[SourceDate "1991.04.01"]
[SourceVersion "1"]
[SourceVersionDate "1991.04.01"]
[SourceQuality "1"]

1. Nf3 f5 2. d3 d5 3. c4 $1 {N} e6 4. cxd5 exd5 5. g3 Nf6 6. Bg2 Bd6 $2 (6...
Be7 $1 $14) 7. O-O O-O 8. Nc3 c6 9. e4 $1 fxe4 $2 (9... Be7 $16) 10. dxe4 dxe4
11. Ng5 $18 Qe7 12. Ncxe4 Nxe4 13. Bxe4 Bf5 14. Re1 Qd7 15. Qb3+ Kh8 16. Rd1
Bg4 17. Bf4 Bxd1 18. Rxd1 (18. Rxd1 Rf6 19. Bxd6 Rxd6 20. Rxd6 Qxd6 21. Nf7+)
1-0

[Event "POL-chT 53rd"]
[Site "Krynica"]
[Date "1997.10.01"]
[Round "7"]
[White "Krasenkow, Michal"]
[Black "Kveinys, Aloyzas"]
[Result "1-0"]
[WhiteElo "2615"]
[BlackElo "2545"]
[Annotator "Krasenkow,M"]
[PlyCount "69"]
[EventDate "1997.09.25"]
[EventType "team-tourn"]
[EventRounds "11"]
[EventCountry "POL"]
[SourceTitle "CBM 061 Extra"]
[Source "ChessBase"]
[SourceDate "1998.03.09"]
[SourceVersion "1"]
[SourceVersionDate "1998.03.09"]
[SourceQuality "1"]
[WhiteTeam "Gorzow Welkopolski"]
[BlackTeam "Suwalki Hancza"]
[WhiteTeamCountry "POL"]
[BlackTeamCountry "POL"]

1. Nf3 e6 2. c4 f5 3. g3 Nf6 4. Bg2 c6 5. O-O d5 6. d3 Be7 7. b3 O-O 8. Bb2 a5
9. Nc3 $1 $146 (9. a3) (9. Nbd2) 9... Na6 10. a3 Nc5 11. b4 axb4 $6 (11... Ncd7
) 12. axb4 Rxa1 13. Qxa1 Na6 14. b5 $16 Nc5 (14... cxb5 15. Nxb5 dxc4 16. dxc4
{/\17.Rd1}) 15. Qa7 cxb5 16. Nxb5 $6 (16. Ba3 $1 Ncd7 17. Bxe7 Qxe7 18. cxd5 b4
(18... Nxd5 19. Nxb5 $16) 19. dxe6 bxc3 20. exd7 Bxd7 21. Qxb7 Rc8 22. Nd4 $16)
16... dxc4 17. dxc4 Nfe4 18. Ne5 Nd2 (18... Bf6 19. f3 Nd7 $8 20. Rd1 $16) (
18... Qd2 19. Ba3 {/\20.Be4} Qg5 20. f4 $16) 19. Re1 f4 $6 (19... Ndb3 $1 $14)
20. Bd4 Ndb3 21. e3 $1 $16 fxg3 22. hxg3 Bd7 23. Bxc5 Bxc5 (23... Nxc5 24. Rd1
Qc8 25. Bxb7 Nxb7 26. Rxd7 $18) 24. Qxb7 Bxb5 (24... Bc8 25. Qc6 Qd2 26. Rf1
Bxe3 $140 27. Nf3 $18) 25. cxb5 Qd6 (25... Qd2 26. Rf1) 26. Nc4 Qd8 (26... Qd3
27. Qe4 $18) 27. Qc6 Qf6 28. Rf1 Bb4 29. b6 Nd2 30. Nxd2 Bxd2 31. b7 Qe5 32.
Bh3 Kh8 33. Qxe6 Qb8 34. Qc8 Qd6 35. Rd1 1-0

[Event "EU-ch 13th"]
[Site "Plovdiv"]
[Date "2012.03.24"]
[Round "5"]
[White "Malakhov, Vladimir"]
[Black "Salgado Lopez, Ivan"]
[Result "1-0"]
[WhiteElo "2705"]
[BlackElo "2621"]
[Annotator "Let's Check Training"]
[PlyCount "49"]
[EventDate "2012.03.20"]
[EventType "swiss"]
[EventRounds "11"]
[EventCountry "BUL"]
[SourceTitle "CBM 148"]
[Source "ChessBase"]
[SourceDate "2012.05.16"]
[SourceVersion "1"]
[SourceVersionDate "2012.05.16"]
[SourceQuality "1"]

1. c4 g6 2. e4 e5 3. d4 Nf6 4. Nc3 exd4 5. Qxd4 Nc6 6. Qd1 Bg7 7. Bd3 O-O 8.
Nf3 d6 9. O-O Ne5 10. Be2 Nxf3+ 11. Bxf3 Be6 12. Be2 Nd7 13. Be3 Nb6 14. Qb3 f5
15. exf5 gxf5 16. Nd5 Bf7 17. Nf4 Qd7 18. Qc2 Nc8 19. Rad1 Ne7 20. Bf3 Rae8 21.
Bd4 Bxd4 22. Rxd4 b6 23. Qc3 Ng6 24. Nh5 Be6 $2 (24... Qe7 25. Rxd6 $1 Ne5 $16)
{[%tqu "En","","","","f3c6","",10]} 25. Bc6 $1 $18 1-0

[Event "Foros Aerosvit 3rd"]
[Site "Foros"]
[Date "2008.06.18"]
[Round "10"]
[White "Van Wely, Loek"]
[Black "Ivanchuk, Vassily"]
[Result "0-1"]
[WhiteElo "2677"]
[BlackElo "2740"]
[Annotator "Marin,M"]
[PlyCount "42"]
[EventDate "2008.06.08"]
[EventType "tourn"]
[EventRounds "11"]
[EventCountry "UKR"]
[EventCategory "19"]
[SourceTitle "CBM 125"]
[Source "ChessBase"]
[SourceDate "2008.07.30"]
[SourceVersion "1"]
[SourceVersionDate "2008.07.30"]
[SourceQuality "1"]

1. Nf3 g6 {This is a good complement to the Grünfeld Defence. Classic players
like Adorjan and Jansa used to play this way. Of course, Black has to be ready
to play the Pirc or the Modern.} 2. c4 Bg7 3. e4 ({In the event of} 3. d4 {
Black would be in time to transpose to the Grünfeld with} Nf6 4. Nc3 d5) (3.
Nc3 c5 4. d4 cxd4 5. Nxd4 {is known to offer Black good play after} Nc6 6. Nc2
Bxc3+ $5 $132) 3... e5 4. d4 exd4 5. Nxd4 Nc6 $5 {Slightly unusual.} ({Black's
initial idea was} 5... Nf6 6. Nc3 O-O 7. Be2 Re8 8. f3 c6 {, practically
winning a whole tempo if compared to the King's Indian, because the queen's
pawn will advance to d5 in one move.} 9. Bg5 (9. Nc2 d5 {Adamski,J-Adorjan,A/
Polanica Zdroj 1970/MCL/[Belov] (0-1, 76)}) (9. O-O d5 {Spassov,L (2480)-Sax,G
(2565)/Budapest 1977/MCL (1/2-1/2, 29)}) 9... h6 10. Bh4 d5 {Gurevich,M (2694)
-Jansa,V (2458)/Forchheim 2000/CBM 076/[Gurevich,M] (1/2-1/2, 44)}) 6. Be3 (6.
Nxc6 bxc6 {would define White's intentions in the centre too soon. After} 7.
Nc3 d6 8. Be3 {Black can already deviate from the Modern paths (8...Ne7) and
return to the King's Indian setup with} Nf6 9. Be2 O-O 10. O-O Re8 {, where
the exchange on c6 may well have been premature.}) 6... Qf6 $5 (6... Nge7 7.
Nc3 d6 8. Be2 {would transpose to a popular line of the Modern Defence.}) 7.
Nxc6 dxc6 $5 {An interesting plan. In a pawn ending, Black would practically
be a pawn down, but with the board populated by pieces, things are not that
one-sided. The good control over the d5- and d6 squares (and, in the event of
an eventual ...c5, over the weak d4-square), as well as the possibility of
rapid development of the c8-bishop, compensate for the structural defect.} 8.
Nc3 Qe7 9. Bd3 $146 (9. Qd2 f5 {illustrates one of Black's main ideas, the
rapid development of the queenside.} 10. exf5 (10. f3 Nf6 11. Bd3 fxe4 12. Nxe4
Nxe4 13. Bxe4 Be6 14. O-O-O O-O 15. Qc2 Bf5 $11) 10... Bxf5 11. O-O-O (11. Be2
Rd8 12. Qc1 Nf6 13. O-O O-O 14. Re1 Rfe8 $32) 11... Nf6 12. Bd3 Rd8 13. Qe2
Rxd3 14. Rxd3 Bxd3 15. Qxd3 Ng4 16. Bd4 O-O $17 {Tratar,M (2466)-Cicak,S (2500)
/Campillos 2006/CBM 111 ext (1/2-1/2, 59)}) (9. Be2 $5 {deserves attention,
since the bishop will eventually land on this square anyway. For instance,} Nf6
10. f3 {would win a tempo over the line starting with 10.f3 below.}) 9... Nf6
10. h3 {Apparently, the most solid way of preventing ..Ng4. However, in the
game we will see that the relative weakness of the h3-pawn offers Black ideas
for counterplay.} (10. O-O $6 {alows Black win a couple of tempi if compared
to the game after} Ng4 11. Bf4 O-O 12. h3 Ne5 13. Be2 Be6 $15) (10. f3 {
safely defends the e4-pawn, but restricts the light-squared bishop even more.}
O-O 11. O-O Nd7 12. Qc2 Ne5 13. Be2 Be6 14. b3 g5 $13) 10... Nd7 11. O-O O-O
12. Qc2 Ne5 {Obviously, the knight's placement should be improved. For the
time being, Ivanchuk gives up the plan of installing it on d4, which would
have been connected with practical problems and prefers to consolidate it on
another active central square.} (12... Nc5 $5 13. Be2 $140 f5 $132 (13... Ne6
14. Rad1 c5 15. Nd5 $36)) 13. Be2 g5 {A method known from the Benoni Defence.}
14. Rad1 (14. f4 gxf4 15. Bxf4 Be6 $132 {[%csl Ge5]} (15... Nxc4 $6 16. Bxc4
Qc5+ 17. Kh1 Qxc4 18. Bxc7 Be6 19. Rf3 $36) 16. b3 Rad8 $132) 14... Be6 15. b3
Rfe8 $132 {Black has achieved comfortable development and White's "extra pawn"
is not making itself felt yet.} 16. Bh5 $6 {[%csl Rf5][%cal Gc3e2,Ge2g3] This
strategically ambitious move unexpectedly gives Black the opportunity of
launching a strong attack.} (16. Rfe1 $5 Qf6 $5 {[%csl Gc3][%cal Ge5c4]} (16...
g4 $6 17. hxg4 Bxg4 (17... Nxg4 18. Bxg4 Bxg4 19. f3 $14) 18. f4 $5 $36 (18. f3
$14)) 17. Na4 b6 18. Qc1 h6 $132 {[%cal Gf6g6,Gf7f5,Gc6c5,Ge5c6,Gc6d4]}) (16.
Rd2 $5 Qf6 17. Rc1 $5 Qg6 $132 {[%cal Gh7h5,Gg5g4,Gf7f5]}) 16... g4 $1 $36 {
[%csl Rh5]} (16... Qf6 17. Ne2 $14) 17. Bxg4 (17. f4 Qh4 $1 $15) 17... Bxg4 18.
hxg4 Nxg4 19. Bf4 Be5 20. Qe2 $2 {Just a blunder in an unpleasant position.} (
20. Ne2 Qh4 21. Qc1 Bxf4 22. Qxf4 Rxe4 $1 23. Qg3 Qxg3 24. Nxg3 Re7 $15 {
[%csl Gc6,Gc7,Gf7,Gh7]}) (20. Qc1 Rad8 21. Ne2 h5 22. Ng3 Rxd1 23. Rxd1 Qc5 24.
Rf1 Bd4 $36) 20... Qh4 $1 21. Qf3 Nh2 $1 0-1

[Event "ISR-ch"]
[Site "Tel Aviv"]
[Date "2002.11.29"]
[Round "5"]
[White "Mikhalevski, Victor"]
[Black "Finkel, Alexander"]
[Result "1-0"]
[WhiteElo "2524"]
[BlackElo "2485"]
[Annotator "Mikhalevski,V"]
[PlyCount "45"]
[EventDate "2002.11.24"]
[EventType "swiss"]
[EventRounds "9"]
[EventCountry "ISR"]
[SourceTitle "CBM 093"]
[Source "ChessBase"]
[SourceDate "2003.04.01"]
[SourceVersion "1"]
[SourceVersionDate "2003.04.01"]
[SourceQuality "1"]

1. Nf3 d6 2. c4 Bg4 3. Qb3 $5 {This is a tricky moves order. White is trying
to recieve an improved version of 1.d4 d6 2.Nf3 Bg4} Bxf3 $6 {I think that
this move is already suspicious. White gets a bishop pair for nothing.} (3...
Qc8 {seems to be better.For example} 4. g3 c5 5. Bg2 Nc6 6. Nc3 g6 7. Nd5 Bg7
8. d3 Nf6 9. Qa4 Bd7 $11 {0-1 Valdes,L-Anastasian,A/Linares 2001/CBM 81 (40)})
4. gxf3 $1 {I think this is better than natural Qxf3. Now black has to solve a
problemof the b7-pawn.} ({In the earlier games white played} 4. Qxf3 {which is
also enough for a slight edge. But the move in the game looks tougher.} Nc6 5.
g3 (5. b3 e5 6. Bb2 Qf6 7. Nc3 Qxf3 8. gxf3 Nd4 9. O-O-O c6 10. Rg1 g6 11. f4
O-O-O 12. Ne4 Bg7 13. c5 dxc5 14. e3 Ne6 15. fxe5 $16 {1/2-1/2 Duncan,C-Simons,
M/England 1999/EXT 2000 (51)}) (5. Qc3 e5 6. g3 g6 7. b3 Bg7 8. Bb2 Nge7 9. Bg2
O-O 10. a3 f5 $13 {1-0 Wolf,U-Voge,A/Ruhrgebiet 2000/EXT 2001 (29)}) (5. e3 $5)
5... g6 6. Bg2 Bg7 7. O-O Nf6 8. e3 O-O 9. Nc3 e5 10. Rb1 Qd7 11. h3 Rfe8 12.
d3 Nb4 13. Rd1 c6 14. Qe2 $14 {1-0 Schlosser,A-Poellner,L/Bayern 1998/EXT 2000
(35)}) 4... Qc8 ({I can understand Alex.} 4... b6 {would weaken the light
squares too much.}) 5. Bh3 $1 {Preparing a direct attack of the black position
with d4-d5.} e6 ({In case of} 5... Nd7 {I would choose between} 6. Bxd7+ ({and
} 6. d4) 6... Kxd7 7. d4 {Both options look promising.}) 6. d4 {[%csl Re6]
[%cal Gd4d5] A pin along the h3-c8 diagonal is quite annoying.} Nc6 7. d5 Nd8 {
Black is trying to support the weakness on e6.} (7... Nd4 {can hardly be
recommended. After} 8. Qd3 c5 9. f4 {with the idea e3 black is in trouble.}) 8.
Nc3 Nf6 9. Bf4 {Creating some pressure on the d6-pawn.} Be7 ({An attempt to
prevent c5 didn't work:} 9... Nh5 $2 10. dxe6 $1 fxe6 (10... Nxf4 11. exf7+)
11. Qb5+) 10. c5 {It wasn't necessary to sac a pawn,but I couldn't stand the
temptation to open Black's positon.} O-O ({Again bad is} 10... Nh5 $2 11. cxd6
cxd6 (11... Nxf4 12. dxe7 Nxh3 13. exd8=Q+ Qxd8 14. Qa4+ Kf8 (14... Qd7 15. Qh4
) 15. Qg4 Ng5 16. h4) 12. dxe6 fxe6 13. Qb5+) (10... dxc5 {deserved a serious
attention} {,but after} 11. O-O-O {White still holds the initiative.}) 11. Rg1
$5 ({Interesting was} 11. Nb5 Nxd5 12. Qxd5 exd5 13. Bxc8 Rxc8 14. Nxa7 Ra8 15.
cxd6 cxd6 16. Nb5 {but black gets counterplay after} Ne6 17. Bxd6 Bxd6 18. Nxd6
Rfd8 $44) 11... Nh5 {This move allows creating of the weak pawn on d6.} (11...
dxc5 12. O-O-O (12. Be5 $5 {with a strong pressure})) 12. cxd6 cxd6 ({After
the game Alex explained me that he missed the idea of Qb4-g4.} 12... Bxd6 13.
Bxd6 cxd6 14. Qb4 $1 {[%cal Gb4g4]}) 13. dxe6 Nxe6 ({Deserved some attention} 
13... fxe6 14. Nd5 Qd7 $8 15. Rc1 $3 {The key-move.} Nxf4 (15... Rxf4 {loses
by force} 16. Rc7 Qa4 17. Nxf4 $1 Qxf4 (17... Qxb3 18. axb3 Nxf4 19. Rxe7 Nxh3
20. Rexg7+ Kf8 21. Rg8+ Kf7 22. R1g7+ Kf6 23. Rd7 $18) 18. Rxe7 Qxh2 19. Rg5
Qxh3 20. Qb5 $1 Nf6 21. Rexg7+ Kf8 (21... Kh8 $4 22. Qe8+ $1) 22. Qc4 $1 {
[%cal Gc4c7] and I don't see how black can stop mate.}) 16. Rc7 Qxc7 17. Nxc7
Rc8 $1 (17... Nxh3 18. Rg3 Rc8 19. Nxe6) 18. Nxe6 (18. Bxe6+ $5 Ndxe6 19. Nxe6
Rc1+ 20. Kd2 Rxg1 21. Nxf4+ $16 (21. Nxf8+ $5 Kxf8 22. Qxb7)) 18... Rc1+ 19.
Kd2 Rxg1 20. Nxd8+ d5 (20... Kh8 21. Nf7+) 21. Be6+ $16) 14. Nd5 {Now white is
getting a good square for his knight.} Qd8 15. Bd2 (15. Be3 $5 Bg5 $140 $2 16.
Bxe6 Bxe3 17. Bg4) 15... Bg5 16. Bc3 ({It was simplier to stop Nf4.} 16. e3 $1)
16... Nef4 (16... Nhf4 17. Bxe6 Nxe6 18. f4) 17. Bf1 Rc8 $1 18. Rd1 $1 (18. e3
Nxd5 19. Qxd5 Rc5) 18... b6 $2 {Black loses a very important tempo.} ({
Necessary was} 18... Rc5 19. h4 Bh6 $5 (19... Nxd5 20. Rxg5 Nxc3 21. Rxc5 Nxd1
22. Rxh5) (19... Rxd5 20. Rxd5 Nxd5 21. Rxg5 Nxc3 22. Rxh5 {and suddenly the
knight is traped} g6 23. Rg5 Nb1 24. Qc2 Qb6 $1 25. e3 $1 (25. Qxb1 Qb4+) 25...
Qb4+ 26. Ke2 Qxh4 27. Rd5 $18) (19... Bf6 20. Nxf6+ Nxf6 21. Qxb7 (21. Rg5 $5))
) 19. e3 {Now black can't stand the pressure.} Ne6 (19... Re8 20. Bb5 Re6 21.
Bc4) 20. Bh3 Be7 $2 {A blunder in a difficult position.} (20... Kh8) 21. Bg4 $1
Nf6 22. Bxe6 fxe6 23. Nf4 $1 {[%csl Re6] Now black loses at least an exchange.
So he resigned.} 1-0

[Event "FRA-ch 58 Championnat"]
[Site "Belfort"]
[Date "1983.08.12"]
[Round "1"]
[White "Manouck, Thierry"]
[Black "Goldenberg, Richard"]
[Result "1/2-1/2"]
[WhiteElo "2375"]
[BlackElo "2325"]
[Annotator "Primel,D"]
[PlyCount "134"]
[EventDate "1983.08.12"]
[EventType "tourn"]
[EventRounds "15"]
[EventCountry "FRA"]
[EventCategory "2"]
[SourceTitle "EXT 2016"]
[Source "ChessBase"]
[SourceDate "2015.10.08"]
[SourceVersion "1"]
[SourceVersionDate "2015.10.08"]
[SourceQuality "1"]
[TimeControl "40/9000:16/5400:0"]

1. c4 b6 2. Nf3 Bb7 3. g3 {Une variante un peu douteuse} Bxf3 $1 4. exf3 c5 {
[%csl Rd2,Rd3,Gd4]} 5. d4 cxd4 6. Qxd4 Nc6 7. Qd2 (7. Qd1 e6 8. Nc3 Rc8 $11)
7... g6 (7... e6 $142 8. Nc3 Qf6 $11 {Van Wely,L (2645)-Zvjaginsev,V (2610)
New York op 1997 1/2-1/2}) 8. b3 Bg7 9. Nc3 Qc7 $146 (9... Nd4 10. Bg2 b5 $5 {
Rajkovic,D (2460)-Schussler,H (2460) Smederevska Palanka 1979 (5) 1-0}) 10. f4
Nf6 11. Bb2 O-O 12. Rc1 Rfe8 13. Bg2 Rac8 14. O-O Qb8 15. Rfe1 $14 {Les Blancs
gardent un petit avantage d'espace} a6 16. Nd5 Nxd5 17. Bxg7 Kxg7 18. cxd5 Na7
19. Rxc8 Nxc8 20. f5 Nd6 21. fxg6 hxg6 22. h4 f6 23. Bh3 $1 {[%csl Rd7,Ge6]}
Qb7 24. Re3 (24. h5 {Plus naturel} Nf7 (24... g5 25. Qc2 $40) 25. hxg6) 24...
Nf7 25. Bg2 (25. d6 $5 Nxd6) 25... d6 26. Qe2 b5 27. Rc3 Rc8 28. Rxc8 Qxc8 $1
29. Qxe7 Qc1+ 30. Bf1 Qd2 31. a4 Qxd5 32. axb5 axb5 33. b4 Qd4 34. Bxb5 Qxb4
35. Be8 Qb1+ 36. Kg2 Qb3 37. Bxf7 Qxf7 38. Qxd6 Qb7+ 39. Kh2 Qf3 40. Qe7+ Kg8
41. Qe3 Qf5 42. Kg2 Qd5+ 43. Qf3 Qe6 44. g4 Kg7 45. Qb7+ Kg8 46. Qb8+ Kg7 47.
Qb7+ Kg8 48. Qb8+ Kg7 49. Qc7+ Kg8 50. Qf4 Qd5+ 51. Qf3 Qe6 52. Kg3 Qe5+ 53.
Qf4 Qc3+ 54. Kh2 Kg7 55. h5 Qc5 56. h6+ Kh7 57. Qxf6 Kxh6 58. Kg3 Kh7 59. Kh4
Qc7 60. f4 Qb7 61. Qe5 (61. Kg5 Qd5+ 62. Kh4 (62. f5 $2 Qd2+)) 61... Qd7 62. f5
gxf5 63. gxf5 Qa7 64. Qc3 Qe7+ 65. f6 Qe4+ 66. Kg5 Qd5+ 67. Kf4 Kg6 1/2-1/2